00579nam a2200193 a 450000500170000000800410001702000180005805000220007610000200009824500920011826000300021030000290024050000180026952100090028765000280029665000160032470000230034070000220036320140310183457.0091116s19uu xx 00 eng d a9780205482917 aHD 66b.C344 2007 aCannon, Mark D. aEffective groups :bconcepts and skills to meet leadership challenges /cMark D. Cannon aBoston :bPearson,c2007. a278 p. :bill. ;c24 cm. aInclude index aBSBA aTeams in the workplace. aLeadership. aGriffith, Brian A. aGuthrie, James W.